000 00778nam a2200229 a 4500
001 73179
003 BD-RjUL
005 20211209082346.0
008 170528s1963 mona|||| |||| 000 0 eng d
035 _a(BD-RjUL)73397
040 _aBD-RjUL
_beng
_cBD-RjUL
_dBD-RjUL
041 _aeng
082 _223
_a617.16
_bHER 1963
100 1 0 _aHermodsson, Ivan
_9216466
245 1 _aHermodsson's Roentgenological studies of traumatic and recurrent anterior and inferior dislocations of the shoulder joint /
_cIvan Hermodsson; B Overgaard; H F Moseley
260 _aMonteral :
_b McGill University Press,
_c1963
300 _avii, 151 p. :
_bill. ;
_c36 cm.
650 _aDislocations
_9216467
700 _aMoseley, H F
_9216468
700 _aOvergaard, B
_9216469
942 _2ddc
_cBK
999 _c73179
_d73179